000 00660nam a2200229Ia 4500
008 180523s9999 xx 000 0 und d
020 _a978-1-84975-818-5
050 _aCUL TX 809.M17
050 _b.S26 2017
100 _aSanttini, Laura.
245 0 _aLaura Santtini's pasta secrets :
245 0 _bover 70 delicious recipes, from authentics classisc to modern & healthful alternatives /
245 0 _cLaura Santtini.
260 _aLondon :
260 _bRyland Peters & Small,
260 _c2017
300 _a174 pages :
300 _bcolored illustrations ;
300 _c24 cm.
500 _aIncludes index
650 _aCooking (Pasta).
999 _c357836
_d357836